• 首页
  • 本馆介绍
  • 公告通知
  • 最新文献
  • 馆藏检索
  • 电子资源
  • 读者导购
  • 参考咨询
  • 我的图书馆
  • 登录
  • 详细信息显示
  • 放入我的书架
  • 预约/预借图书
  • 作者相关作品
  • 分类相关作品
  • 丛书相关作品
  • 出版社相关作品

书目信息

  • 表格格式
  • 工作单格式
  • 卡片格式
书名: 语用学
作者: (英)Stephen C.Levinson著.
分册号: [专著] /
分册名:
出版地: 北京 :
 
出版社: 外语教学与研究出版社
出版时间: 2001.
页数: 39,429页 ;
开本: 23cm.
丛书名: 当代国外语言学与应用语言学文库
中图分类号:
科图分类号:
其他分类号: H0
主题词:
电子资源:
000 00786nam 2200253 a 4500
001 E0738149215
005 20070827084748.01
008 020423d2001 ch 0 chi0
020    @a7-5600-2460-2 :@cCNY38.90.
040    @aNLC@bchi
041    @aeng
090    @aH030 @v4
090    @aH0
099    @dH0@ex166
100 1  @aLevinson @cStephen C. @4著
245 10 @a语用学@h[专著] / @c(英)Stephen C.Levinson著.
246  1 @aPragmatics
260 1  @a北京 :@b外语教学与研究出版社,@c2001.
300    @a39,429页 ;@c23cm.
440  0 @a当代国外语言学与应用语言学文库
520    @a本书介绍了英美学者所进行语用学研究中一些最重要的题目,以及这些课题研究的背景,内容包括语用学的研究范围,指示,会话含义,语言行为等。
650 04 @a语用学
650 04 @a语用学
700 1  @a何兆熊 @4导读
    
    语用学 [[专著] / ] / (英)Stephen C.Levinson著.-北京 : : 外语教学与研究出版社, , 2001.
    39,429页 ; ; 23cm.- (当代国外语言学与应用语言学文库 )
    本书介绍了英美学者所进行语用学研究中一些最重要的题目,以及这些课题研究的背景,内容包括语用学的研究范围,指示,会话含义,语言行为等。
    
    ISBN 7-5600-2460-2 :CNY38.90.
    本书介绍了英美学者所进行语用学研究中一些最重要的题目,以及这些课题研究的背景,内容包括语用学的研究范围,指示,会话含义,语言行为等。
●
相关链接 在E读中查询图书 在五车中查询图书 在当当中查询图书 在豆瓣中查询图书


正题名:语用学     索取号:H0/x166         预约/预借

序号 登录号 条形码 馆藏地/架位号 状态 备注
1 0017114   300171141   第二样本阅览室/ [索取号:H0/x166] 在馆    
2 0017115   300171150   第四借阅区/ [索取号:H0/x166] 在馆    
3 0017116   300171169   第四借阅区/ [索取号:H0/x166] 在馆    
4 0017117   300171178   第四借阅区/ [索取号:H0/x166] 在馆    
5 17384   300173844   第四借阅区/ [索取号:H0/x166] 在馆    
唐山师范学院图书馆 欢迎您!
大连网信软件有限公司© 版权所有